| 000 | 01321nam0a22003011 4500 | ||
|---|---|---|---|
| 001 | v19\rc\1549947 | ||
| 005 | 20060620134421.8 | ||
| 035 | _a(NLR Aleph) 004665493 | ||
| 090 |
_a3607605 _c3607605 |
||
| 100 | _a20060620d1889 |||y0rusy50 ca | ||
| 101 | 0 | _arus | |
| 102 | _aRU | ||
| 105 | _ay z |||e| | ||
| 200 | 1 | _aКопия с письма г. приамурского генерал-губернатора 17 августа 1889 г. за № 3771 на имя военного губернатора Забайкальской области | |
| 210 |
_a[Благовещенск] _d1889 |
||
| 215 |
_a17 с. _d22 |
||
| 300 | _aАвт. установлен по "Адрес-календарю на 1890 г." | ||
| 309 | _aБез тит. л. и обл. | ||
| 311 | _aПрибавл. к № 41 "Забайк. обл. вед." 1889 г. к ч. неофиц. | ||
| 422 | 0 | _12001#$aЗабайкальские областные ведомости$eЧ. неофиц.$v1889, № 41 | |
| 700 | 1 |
_aКорф _bА. Н. _f1831-1893 _gАндрей Николаевич |
|
| 712 | 0 | 2 |
_aПриамурский генерал-губернатор _3RU\NLR\AUTH\889927097 |
| 801 | 0 |
_aRU _bNLR _gpsbo |
|
| 801 | 0 |
_aRU _bRuMoRGB _2psbo |
|
| 801 | 1 |
_aRU _bProSoft-M _2rusmarc |
|
| 852 |
_aNLR _j18.268.4.787 |
||
| 942 | _cBOOK | ||
| 980 | _aNB | ||